Ethics and business : (Record no. 240900)

MARC details
000 -LEADER
fixed length control field 02804nam a22002657a 4500
003 - CONTROL NUMBER IDENTIFIER
control field OSt
005 - DATE AND TIME OF LATEST TRANSACTION
control field 20260213163648.0
008 - FIXED-LENGTH DATA ELEMENTS--GENERAL INFORMATION
fixed length control field 260213b |||||||| |||| 00| 0 eng d
020 ## - INTERNATIONAL STANDARD BOOK NUMBER
International Standard Book Number 9789357468664
040 ## - CATALOGING SOURCE
Transcribing agency AIMIT LIBRARY
082 ## - DEWEY DECIMAL CLASSIFICATION NUMBER
Edition number 1
Classification number 174.4
Item number GODP
100 ## - MAIN ENTRY--PERSONAL NAME
Personal name Godfrey, Paul C.
9 (RLIN) 254794
245 ## - TITLE STATEMENT
Title Ethics and business :
Remainder of title integrated approach for business and personal success /
Statement of responsibility, etc. By Paul C Godfrey; Laura Jacobus and Abhishek Singh.
250 ## - EDITION STATEMENT
Edition statement 1st ed.
260 ## - PUBLICATION, DISTRIBUTION, ETC.
Place of publication, distribution, etc. New Delhi :
Name of publisher, distributor, etc. Wiley ,
Date of publication, distribution, etc. 2024.
300 ## - PHYSICAL DESCRIPTION
Extent xv,231p. ;
Other physical details PB
Dimensions 28 cm.
500 ## - GENERAL NOTE
General note Ethics and Business: An Integrated Approach for Business and Personal Success gives students the practical knowledge and skills to identify ethical dilemmas, understand ethical behavior in themselves and others, and advocate for ethical behavior within their organization. The course focuses on three ethical questions: the individual, the organization, and the societal perspective. Most business ethics courses are based on a single point of view. Depending on the viewpoint, this might be based on philosophical theory, organizational behavior, or a legal and regulatory compliance approach.
505 ## - FORMATTED CONTENTS NOTE
Formatted contents note Preface To The Adapted Edition<br/><br/>Preface<br/><br/>Course Resources<br/><br/>Meet The Authors<br/><br/>About The Adapting Author<br/><br/>1 Introduction: Why Study Business Ethics?<br/><br/>Ethics and Business Ethics<br/>Ethics<br/>Business Ethics<br/>The Dimensions of Ethical Choice<br/>The Moral Aspect of Ethical Decision Making<br/>Moral Agency and Choice<br/>Business Agency and Fiduciary Responsibilities<br/>Ethical Challenges in Business<br/>How to Develop Ethical Managers<br/>Ethical Temptations<br/>Ethical Dilemmas<br/>Why are Ethics Important in Business?<br/>The Need for an Integrated Approach<br/>Two Perspectives on Ethics in Business<br/>Employing an Integrated Approach<br/>2 Theories of Morality and Business Ethics<br/><br/>Human Nature and the Problem of Evil<br/>Moral Development Process<br/>Moral Action and Moral Outcomes<br/>Religious Teachings of Moral Actions and Outcomes<br/>Philosophical Perspectives of Moral Action and Outcomes<br/>Scientific Perspectives of Moral Action and Outcomes<br/>3 Living a Great Life: PERMA, Mission Statements
Statement of responsibility About the Author<br/>Paul C. Godfrey is the William and Roceil Low Professor of Business Strategy at the<br/><br/>BYU Marriott School of Business. He has been honored with both the school’s outstanding Researcher and Outstanding Teacher awards. An active researcher, his work has appeared in a number of premiere scientific publications
650 ## - SUBJECT ADDED ENTRY--TOPICAL TERM
Topical term or geographic name entry element Theories of morality and business ethics
9 (RLIN) 254795
650 ## - SUBJECT ADDED ENTRY--TOPICAL TERM
Topical term or geographic name entry element Ethics and compliance in the corporation
9 (RLIN) 254796
650 ## - SUBJECT ADDED ENTRY--TOPICAL TERM
Topical term or geographic name entry element Corporate social responsibility and social entrepreneurship
9 (RLIN) 254797
700 ## - ADDED ENTRY--PERSONAL NAME
Personal name Jacobus, Laura.
9 (RLIN) 254798
700 ## - ADDED ENTRY--PERSONAL NAME
Personal name Singh, Abhishek.
9 (RLIN) 254799
942 ## - ADDED ENTRY ELEMENTS (KOHA)
Source of classification or shelving scheme Dewey Decimal Classification
Koha item type Book
Edition 1st ed.
Holdings
Withdrawn status Lost status Source of classification or shelving scheme Damaged status Not for loan Collection code Home library Current library Shelving location Date acquired Source of acquisition Cost, normal purchase price Inventory number Total Checkouts Full call number Barcode Date last seen Cost, replacement price Price effective from Koha item type
    Dewey Decimal Classification     MBA St Aloysius Institute of Management & Information Technology St Aloysius Institute of Management & Information Technology Business ethics 02/12/2026 SK Publishers & Distributors 899.00 Bill no:SKP4043;Billdt:2026/2/2   174.4 GODP MBA15249 05/23/2026 674.25 02/13/2026 Book